| 000 | 00517nam a2200157 4500 | ||
|---|---|---|---|
| 008 | 170120b xxu||||| |||| 00| 0 eng d | ||
| 022 | _a0893-8989 | ||
| 082 | _aDPer 363.205 P75 May-Dec 2015 V. 39 | ||
| 100 |
_918500 _aGriffith, David |
||
| 245 |
_aNorth Liberty, IOWA 03-10-2013/ _cDavid Griffith. |
||
| 260 |
_aCalifornia: _bBobit Business Media, _cc2015. |
||
| 300 |
_apages 82-87; _c28 cm. |
||
| 500 | _aPolice: the law enforcement magazine. | ||
| 650 | 0 |
_918501 _aPolice _xFirst responders |
|
| 942 |
_2ddc _cPER |
||
| 999 |
_c6116 _d6116 |
||